000
00336nam a22001337a 4500
999
_c
522379
_d
522379
008
230405b ||||| |||| 00| 0 eng d
100
_a
Lahariya, Chandrakant
_9
39975
245
_a
Post-pandemic health
260
_a
Yojana
300
_a
67(3), Mar, 2023: p.35-38
773
_a
Yojana
906
_a
HEALTH SERVICES
942
_c
AR